[Event "GER Seniors Derby 05th"]
[Site "Wesel Undeloh"]
[Date "2006.04.20"]
[Round "2"]
[White "Lorke, Wolfgang"]
[Black "Buchholz, Horst1111"]
[Result "1-0"]
[WhiteElo "1811"]
[BlackElo "1500"]
[PlyCount "69"]
[EventDate "2006.04.20"]
[EventType "swiss"]
[EventRounds "7"]
[EventCountry "GER"]
[SourceTitle "EXT 2007"]
[Source "ChessBase"]
[SourceDate "2006.11.23"]
[SourceVersion "1"]
[SourceVersionDate "2006.11.23"]
[SourceQuality "1"]

1. b4 Nf6 2. Bb2 g6 3. c4 Bg7 4. d4 0-0 5. Nf3 d6 6. e3 Bg4 7. Be2 c6 8. 0-0 Nbd7 9. Nbd2 Rc8 10. h3 Bxf3 11. Nxf3 d5 12. c5 Qc7 13. a4 a6 14. Bd3 Rfe8 15. Qc2 h6 16. Rae1 Nh7 17. Nh4 e5 18. dxe5 Nxe5 19. Bxe5 Qxe5 20. Nxg6 fxg6 21. Bxg6 Nf6 22. Bxe8 Rxe8 23. Rb1 Ne4 24. b5 axb5 25. axb5 Nc3 26. Rb4 Nxb5 27. Rg4 Rf8 28. Qg6 Qf6 29. Qh5 Nc3 30. f3 Qf5 31. Qh4 Qf6 32. Qh5 Qf5 33. Qh4 Qf6 34. Qe1 Qe7 35. Qxc3 1-0